Herbár myšlienok Ľubomíra Stančeka 8.

Bibliographic Details
Main Author: Stanček, Ľubomír, 1955- (Author)
Format: Book
Language:Slovak
PhysicalDescription:80 s. 15 cm
Published: [Bratislava] Misijná spoločnosť sv. Vincenta de Paul 2014
ISBN:9788089570072
Edition:1. vyd.
Subjects:

MARC

LEADER 00000nam a2200000 a 4500
001 vtls010597373
003 SK-MaSNL
005 20260302050712.0
008 240318s2014 xo g 000 0 slo
015 |a SNBA2014/06 
020 |a 9788089570072  |q (brož.) 
035 |a C4225808-D4F8-4E29-95E8-0187DF130990 
035 |a urn:nbn:sk:snk-amk4f0 
035 |a urn:nbn:sk:snk-am0057kx 
040 |a SNK  |b slo  |c SNK  |e AACR2 
041 0 |a slo 
044 |a xo  |c SK 
072 7 |a 27  |x Kresťanstvo. Kresťanská cirkev všeobecne. Ekleziológia  |2 konspekt 
080 |a 27-184  |2 2001 
080 |a 27-184.3  |2 2001 
080 |a 27-423.79  |2 2001 
080 |a 17.02  |2 2001 
080 |a (0:82-84)  |2 2001 
080 |a (0:82-4)  |2 2001 
100 1 |a Stanček, Ľubomír,  |d 1955-  |4 aut  |9 90464 
245 1 0 |a Herbár myšlienok Ľubomíra Stančeka  |n 8.  |c Ľubomír Stanček 
250 |a 1. vyd. 
260 |a [Bratislava]  |b Misijná spoločnosť sv. Vincenta de Paul  |c 2014 
300 |a 80 s.  |c 15 cm 
500 |a Miesto vyd. podľa ISBN 
650 0 7 |a Boh a človek  |2 SNKPH  |9 1711 
650 0 7 |a kresťanská viera  |2 SNKPH  |9 1712 
650 0 7 |a kresťanská láska  |2 SNKPH  |9 4352 
650 0 7 |a životná múdrosť  |2 SNKPH  |9 4008 
650 0 7 |a Relations between God and man  |2 SNKPHeng  |9 303193 
650 0 7 |a Christian faith  |2 SNKPHeng  |9 266204 
650 0 7 |a Christian love  |2 SNKPHeng  |9 332812 
650 0 7 |a Life wisdom  |2 SNKPHeng  |9 305004 
655 7 |a citáty  |2 SNKPH  |9 70419 
655 7 |a úvahy  |2 SNKPH  |9 29403 
655 7 |a Quotations  |2 SNKPHeng  |9 302733 
655 7 |a Essays  |2 SNKPHeng  |9 267540 
919 |a 978-80-89570-07-2 
958 |a NB 
999 |c 1098035  |d 1099965 
952 |a SNK  |b SNK  |y PREZ  |7 0  |p 17A1110297  |o snkSE 12543/8  |i snk2014/11708  |8 0  |0 0  |1 0  |4 0  |d 2014-05-19  |f 1  |l 0  |r 2026-02-24 17:20:47  |w 2026-02-24 
952 |a SNK  |b SNK  |y VYP  |7 0  |p 17A1110298  |o snkSE 12543/8 D1  |i snk2014/11709  |8 0  |0 0  |1 0  |4 0  |d 2014-05-19  |l 0  |r 2026-02-24 17:20:47  |w 2026-02-24